Pierwsza Pomoc - Statystyki

Ogólne statystyki
  • Ten quiz został rozwiązany 46 razy
  • Średni wynik to 10 z 15
Statystyki odpowiedzi
Zagadnienie Odpowiedź % Poprawnych
Wypadek na budowie. Pracownik ma pręt wbity w udo. Czy należy wyciągnąć pręt z nogi? Nie
97%
Wykonując RKO u osoby dorosłej wraz z wdechami ratowniczymi będę je wykonywał/a w stosunku: 30 uciśnięć i 2 wdechy
90%
Wskaż prawidłowe postepowanie u osoby z napadem drgawek: Osłaniam głowę przed uderzeniami o podłoże
90%
Czy wykonując RKO u obcej osoby konieczne jest wykonywanie wdechów? Nie, jeśli nie posiadam odpowiedniej maseczki
85%
Co NIE jest objawem udaru? Wiotka klatka piersiowa
82%
Kiedy możemy przestać uciskać klatkę piersiową? Wszystkie odpowiedzi są poprawne
82%
Jeśli chcemy wezwać tylko pomoc medyczną, to najlepiej zadzwonić pod numer 999
67%
Jesteś świadkiem wypadku. Pierwsza czynność jaką wykonasz to: sprawdzam czy jest bezpiecznie
67%
Poparzenia chłodzimy letnią wodą
64%
Wykonując RKO u osoby dorosłej uciski wykonujemy w rytmie: 100-120 uciśnięć na minutę
56%
Czy osoba nieprzytomna po wypadku komunikacyjnym powinna być ułożona w pozycji bocznej ustalonej? Nie
54%
Rozpoznajesz u dziecka zatrzymanie krążenia. Co robisz? wykonujesz 5 wdechów i ponownie oceniasz oddech
49%
Czy kolor folii NRC ma istotne znaczenie dla poszkodowanego? Nie
44%
Co jest przeciwskazaniem do wykorzystania AED? mokra klatka piersiowa
36%
Wskaż poprawną kolejność działań przy osobie poszkodowanej w wypadku zatamowanie masywnych krwotoków, sprawdzenie przytomności, sprawdzenie czy oddycha, wezwanie pomocy
26%
Nie znaleziono quizów pasujących do podanych kryteriów
Rozkład punktacji
Procent ludzi z każdym wynikiem
Percentyl według liczby udzielonych odpowiedzi
Twoja historia wyników
Nie rozwiązałeś tego quizu